000 04232nam a22004578i 4500
001 BRILL9783657790920
003 nllekb
005 20260415155925.0
006 m d
007 cr un uuuua
008 230524s2023 gw sb 001 0 eng d
020 _a9783657790920
_q(electronic book)
020 _z9783506790927
_q(print)
024 7 _a10.30965/9783657790920
_2DOI
035 _z(OCoLC)1374999392
040 _aNL-LeKB
_cNL-LeKB
_erda
041 _aeng
050 4 _aDJK50
072 7 _aHBTZ1
_2bicssc
072 7 _aHIS
_x043000
_2bisacsh
082 0 4 _a907.2047
_223
245 1 0 _aWar and Remembrance :
_bWorld War II and the Holocaust in the Memory Politics of Post-Socialist Europe /
_cedited by Paul Srodecki and Daria Kozlova.
246 3 _aWorld War II and the Holocaust in the Memory Politics of Post-Socialist Europe
300 _a1 online resource (320 pages) :
_billustrations.
490 1 _aSchöningh and Fink Early Modern and Modern History E-Books Online, Collection 2023
490 1 _aWar (Hi) Stories ;
_v12
504 _aIncludes bibliographical references and index.
505 0 _tPreliminary Material -- Copyright Page -- Preface and Acknowledgements -- Chapter 1 A Difficult Relationship — World War II and Remembrance in Post-Socialist Europe /
_rPaul Srodecki -- Chapter 2 Mechanisms of Dealing with the Past /
_rFrank Golczewski -- Chapter 3 The Militainment of World War II Memory in Post-Soviet Russia /
_rElizaveta Gaufman -- Chapter 4 From Great Patriotic War to World War II: How Memory Changed in Georgia after Independence /
_rNino Chikovani and Malkhaz Matsaberidze -- Chapter 5 Difficult Transformation: The Remembrance of World War II in Czechia after 1989 /
_rDarina Volf -- Chapter 6 Remembering the Holocaust after 1989: Slovakia More Than Thirty Years Later /
_rMonika Vrzgulová -- Chapter 7 Victims and Perpetrators of World War II in Memory Politics in Serbia and Croatia, 1990s–2020 /
_rJelena Jorgačević Kisić and Olga Manojlović Pintar -- Chapter 8 Just a Local Affair? Estonian Memories of the Second World War and the Dialogue with Western Memory Culture /
_rDavid Feest -- Chapter 9 World War II and the Holocaust in Post-Communist Memorial Museums /
_rLjiljana Radonić -- Chapter 10 Great Patriotic War versus Nationalization: Remembrance and Commemoration in Belarusian Museums /
_rKristiane Janeke -- Chapter 11 Museums’ Representation of World War II in Ukraine 1991–2019 against the Background of Memory Politics: Competing Narratives and Reconciliation Measures /
_rDaria Kozlova -- Chapter 12 Stumbling Blocks in the Way — Holocaust Remembrance in Hungary after 1989 /
_rZsuzsanna Agora and George Deak -- Contributors -- Abbreviations -- Index.
520 _aProviding a comprehensive and engaging account of World War II remembrance and memory politics in East-Central and Eastern Europe this volume uses a comparative approach to examine the phenomena of cultural memory in a pan-European overview. Ranging in scope from various post-Soviet states such as Russia, Ukraine, Belarus, Estonia, and Georgia to the East-Central and South-Eastern European post-socialist countries of Czechia, Slovakia, Hungary, Serbia, and Croatia, this book provides new insights into the ways in which World War II remembrance is reflected in the memory politics, historical studies, culture and literature of the respective countries. The volume focuses mostly on state memory narratives and their public reception as well as museums, memorials and monuments as controversial objects of cultural memory.
546 _aEnglish
650 0 _aHistoriography.
650 0 _aSocial change
_xResearch.
650 0 _aSocial sciences
_xResearch.
700 1 _aKozlova, Daria,
_eeditor.
700 1 _aSrodecki, Paul,
_eeditor.
776 0 8 _iPrint version:
_tWar and Remembrance : World War II and the Holocaust in the Memory Politics of Post-Socialist Europe.
_dPaderborn : Ferdinand Schöningh, Brill Deutschland, 2023.
_z9783506790927
830 0 _aSchöningh and Fink Early Modern and Modern History E-Books Online, Collection 2023.
830 0 _aWar (Hi) Stories ;
_v12.
856 4 _uhttp://dx.doi.org/10.30965/9783657790920
942 _2ddc
_cE-BOOK
999 _c49441
_d49441